=LDR 00000nam 2200000 4500 =001 INLIS000000000034469 =005 20130612140356 =008 ***********************************ind** =035 ##$$0010-061300000034469 =041 ##$$a ind =082 ##$$a 813 =090 ##$$a 813, Mon a =100 ##$$a Montgomery, L.M =245 ##$$a Anne of green gables/Lucy M. Montgomery; Penerjemah, Maria M. Lubis =260 ##$$a 2009 $b Bandung =300 ##$$a 516 hlm., Ilus., 21 cm =650 ##$$a Fiksi Indonesia - Dewasa =700 ##$$a Lubis, Maria M =850 ##$$a NBPNMAT